000 04851nam a22005295i 4500
001 978-3-030-89988-2
003 DE-He213
005 20250103112324.0
007 cr nn 008mamaa
008 220215s2022 sz | s |||| 0|eng d
020 _a9783030899882
_9978-3-030-89988-2
024 _a10.1007/978-3-030-89988-2
_2doi
050 _aTA174
072 _aTBD
_2bicssc
072 _aTEC016000
_2bisacsh
072 _aTBD
_2thema
082 _a620.0042
_223
245 _aDesign in Maritime Engineering
_h[electronic resource] :
_bContributions from the ICMAT 2021 /
_cedited by Azman Ismail, Wardiah Mohd Dahalan, Andreas Öchsner.
250 _a1st ed. 2022.
260 _aCham :
_bSpringer International Publishing :
_bImprint: Springer,
_c2022.
300 _aXXIII, 464 p. 218 illus., 173 illus. in color.
_bonline resource.
336 _atext
_btxt
_2rdacontent
337 _acomputer
_bc
_2rdamedia
338 _aonline resource
_bcr
_2rdacarrier
347 _atext file
_bPDF
_2rda
490 _aAdvanced Structured Materials,
_x1869-8441 ;
_v167
505 _aReview of the Current Trend on Autonomous Vehicles in Developing Countries -- Review of Current Trends in Marine Energy on Large Tidal Current Turbine -- The National Contingency Plan Towards the Oil Spill Preparation and Response in Malaysia -- Simulation of Three-Point Bending Sandwich Composite Panel Through Finite Element Analysis -- The uses of Unmanned Aerial Vehicle (UAV) for Slope Mapping with the Determination of Potential Slope Hazard -- Tensile Strength: +45° Isotropic FRP Laminate with Different Universal Testing Machine -- Instruments utilized in Short Sea Shipping Research: A Review -- Issues on Palm Oil with Regard to The Revised MARPOL Annex II. A Re-view -- Assessing The Efficacy of The Advance Transfer Technique in Calculating Wheel Over Point Through Simulation Study -- Polysulfone/Cellulose Acetate Phthalate/Polyvinylpyrrolidone (PSf/CAP/PVP) Blend Membrane: Effect of Evaporation Time on Blend Membrane Characteristics -- Influence of Deadrise on the Dynamic Instability of A 14 Metres Custom Boat in Regular Waves -- The Implication of Container Floating Terminal on The Efficiency of Port Klang’s Terminal Operations and Domestic Freight Forwarding Industry -- The Optical Properties of Polyvinyl Alcohol (PVA), Phosphorylated Polyvinyl Alcohol (PPVA) and Phosphorylated Polyvinyl Alcohol – Aluminum Phosphate (PPVA-AlPO4) - Nanocomposite. Effect of Phosphate Groups -- Tensile and corrosion resistance studies of MXenes/nanocomposites - A Review -- Effect of Nanofillers on The Mechanical Properties of Epoxy Nanocomposites -- The degradation of mechanical properties caused by acetone chemical treatment on 3D-printed PLA-carbon fibre composites -- Tensile and Morphology Analysis of Oil Palm Trunk (OPT) Specimen Re-inforced Epoxy Fabricated via Vacuum Assisted Resin Transfer Moulding (VARTM) -- The Analysis of Container Terminal Throughput Using ARIMA and SARIMA -- Investigation on theMechanical and Microstructural Characteristics of Diffusional Bonded Gray Cast Iron and Low Carbon Steel -- Examination Table Innovation Static into Dynamic which Ergonomic using Anthropometry Approach and Rational Method.
520 _aThis book covers several research outcomes of various fields and schools related to maritime operation, applications and materials science. Thirty-four research papers have been compiled from the 2nd International Conference on Marine and Advanced Technologies 2021 (ICMAT 2021) which was organized by the Research and Innovation Section of the Universiti Kuala Lumpur-MIMET. The chapters were written by experienced lecturers from various universities in Malaysia discussing various topics and sub-topics related to maritime engineering and materials science. These chapters portray the actual knowledge on the latest developments and trends of technologies in maritime industries. .
650 _aEngineering design.
650 _aMarine engineering.
650 _aEngineering Design.
650 _aMarine Engineering.
700 _aIsmail, Azman.
_eeditor.
_4edt
_4http://id.loc.gov/vocabulary/relators/edt
700 _aDahalan, Wardiah Mohd.
_eeditor.
_4edt
_4http://id.loc.gov/vocabulary/relators/edt
700 _aÖchsner, Andreas.
_eeditor.
_4edt
_4http://id.loc.gov/vocabulary/relators/edt
710 _aSpringerLink (Online service)
773 _tSpringer Nature eBook
776 _iPrinted edition:
_z9783030899875
776 _iPrinted edition:
_z9783030899899
776 _iPrinted edition:
_z9783030899905
830 _aAdvanced Structured Materials,
_x1869-8441 ;
_v167
856 _uhttps://doi.org/10.1007/978-3-030-89988-2
912 _aZDB-2-ENG
912 _aZDB-2-SXE
999 _c12638
_d12638